Hardest Quiz on Jetpunk - City Mode - Statistics

General Stats
  • This quiz has been taken 2 times
  • The average score is 5 of 16
Answer Stats
Picture Answer % Correct
Baltimore
100%
Memphis
100%
San Diego
100%
Anchorage
50%
Boston
50%
Dallas
50%
Charleston
0%
Corpus Christi
0%
Des Moines
0%
Midland
0%
New Haven
0%
New London
0%
St. Joseph
0%
Tampa
0%
Wheeling
0%
Wichita
0%
No matching quizzes found
Score Distribution
Percent of People with Each Score
Percentile by Number Answered
Your Score History
You have not taken this quiz